Dimensions of Social Exclusion: Caste, Class and Gender (Record no. 1726392)

MARC details
000 -LEADER
fixed length control field 00568nam a22001937a 4500
005 - DATE AND TIME OF LATEST TRANSACTION
control field 20260323124446.0
008 - FIXED-LENGTH DATA ELEMENTS--GENERAL INFORMATION
fixed length control field 260323b |||||||| |||| 00| 0 eng d
037 ## - SOURCE OF ACQUISITION
Terms of availability DSWL
040 ## - CATALOGING SOURCE
Original cataloging agency DSWL
Transcribing agency DSWL
041 ## - LANGUAGE CODE
Language code of original eng
100 ## - MAIN ENTRY--PERSONAL NAME
Personal name Yagati, Chinna Rao
9 (RLIN) 1137602
245 ## - TITLE STATEMENT
Title Dimensions of Social Exclusion: Caste, Class and Gender
260 ## - PUBLICATION, DISTRIBUTION, ETC.
Place of publication, distribution, etc. Delhi,
Name of publisher, distributor, etc. Meena Book Publication,
Date of publication, distribution, etc. 2015
300 ## - PHYSICAL DESCRIPTION
Extent 386p
365 ## - TRADE PRICE
Price type code INR
Price amount 1200
700 ## - ADDED ENTRY--PERSONAL NAME
Personal name Sudhakara Karakoti
9 (RLIN) 1137603
942 ## - ADDED ENTRY ELEMENTS (KOHA)
Source of classification or shelving scheme Colon Classification (CC)
Koha item type Textual
Suppress in OPAC No
Holdings
Withdrawn status Lost status Source of classification or shelving scheme Damaged status Not for loan Home library Current library Date acquired Source of acquisition Cost, normal purchase price Inventory number Total Checkouts Barcode Date last seen Price effective from Koha item type
    Colon Classification (CC)     Department of Social Work Library Department of Social Work Library 2017-03-03 Standard Book House 1200.00 425/03.03.17   SW0032189 2026-03-23 2026-03-23 Textual
Copyright @ Delhi University Library System